008330000a22001690004500090001300000100004000013245013100053260002500184300001100209500005800220502009100278520015300369001000500522942000700527952011200534999001700646 aT R3134h1 aRestrepo Amariles, Edisson Hernán10aHacia una educación cristiana para la niñez de Medellín en un contexto de violencia / Edisson Hernán Restrepo Amariles aMedellín, Colombia a63 Pag aTesis (licenciatura)--Seminario Bíblico de Colombia aPresidente del jurado: Hugo Vélez; Jurado: Gerardo van Ek; Jurado: Gustavo Alvárez a- Reseña historica del problema - Descripción del problema - Como puede la iglesia evangelizadora llegar ayudar a la niñez que sufre violencia4187 cBK 001040708TGaFUSBCbFUSBCd2004-12-06l0o T R3134hp11366r2019-12-12 00:00:00t1w2016-01-26yTGB0C3 c34799d34799